000 00596nam a2200229Ia 4500
003 OSt
005 20221007075956.0
006 a|||||r|||| 00| 0
007 ta
008 221006b |||||||| |||| 00| 0 eng d
024 _a9,183
037 _cTextual
040 _aFLL
_cFLL
_beng
041 _2eng
_aeng
082 _aZ20ay, M6
100 _aBaxi Upendra
245 0 _aTowards a sociology of indian law
260 _aNew Delhi
_bSatvahan Publications India
_c1986
300 _a168p
_ccm.
942 _hZ20ay, M6
_cTEXL
_2CC
999 _c1157989
_d1157989